[Event "BCF-chT4 0607 (4NCL)"]
[Site "Sunningdale"]
[Date "2007.05.26"]
[Round "9.64"]
[White "Gallagher, Ian G"]
[Black "Peck, Windsor"]
[Result "1-0"]
[WhiteElo "2005"]
[BlackElo "1860"]
[PlyCount "93"]
[EventDate "2006.09.16"]
[EventType "team"]
[EventRounds "11"]
[EventCountry "ENG"]
[SourceTitle "EXT 2008"]
[Source "ChessBase"]
[SourceDate "2007.11.25"]
[SourceVersion "1"]
[SourceVersionDate "2007.11.25"]
[SourceQuality "1"]
[WhiteTeam "Cambridge II"]
[BlackTeam "Halesowen"]
[WhiteTeamCountry "ENG"]
[BlackTeamCountry "ENG"]

1. d4 d5 2. Bg5 Nd7 3. e3 Ngf6 4. c4 c6 5. Nc3 Qa5 6. Qd2 e6 7. cxd5 exd5 8. Bd3 Bb4 9. Nge2 0-0 10. 0-0 Ne4 11. Bxe4 dxe4 12. Bh4 f5 13. a3 Bd6 14. Nxe4 Qxd2 15. Nxd2 Nf6 16. b4 Bd7 17. Bg3 Be7 18. Nc3 Be6 19. Rfc1 Rac8 20. Rab1 Rfd8 21. Nf3 h6 22. Na4 Ne4 23. Nc5 Bxc5 24. bxc5 Nxg3 25. hxg3 Rb8 26. Ne5 Bf7 27. Rb4 Be8 28. Rcb1 b5 29. cxb6 axb6 30. Rxb6 Rxb6 31. Rxb6 Ra8 32. Rb3 Kf8 33. Nd3 Ke7 34. Nc5 Kd6 35. a4 Kd5 36. Rb4 Ra7 37. f3 Bg6 38. Kf2 Bh7 39. Ke2 g5 40. Kd3 Kd6 41. e4 fxe4+ 42. fxe4 Bg6 43. Rb7 Rxb7 44. Nxb7+ Kc7 45. Nc5 Kb6 46. Ke3 Ka5 47. e5 1-0

[Event "BCF-chT4 0607 (4NCL)"]
[Site "Sunningdale"]
[Date "2006.09.23"]
[Round "1.6"]
[White "Hibbitt, Arthur M"]
[Black "Peck, Windsor"]
[Result "1-0"]
[WhiteElo "1895"]
[BlackElo "1860"]
[PlyCount "131"]
[EventDate "2006.09.16"]
[EventType "team"]
[EventRounds "11"]
[EventCountry "ENG"]
[SourceTitle "CBM 115 Extra"]
[Source "ChessBase"]
[SourceDate "2007.01.10"]
[SourceVersion "1"]
[SourceVersionDate "2007.01.10"]
[SourceQuality "1"]
[WhiteTeam "Grendel's Mother"]
[BlackTeam "Halesowen"]
[WhiteTeamCountry "ENG"]
[BlackTeamCountry "ENG"]

1. Nf3 d5 2. g3 b6 3. Bg2 Bb7 4. 0-0 Nf6 5. d3 e6 6. Nbd2 Nbd7 7. Re1 Be7 8. e4 dxe4 9. dxe4 c5 10. c3 Qc7 11. Qe2 0-0 12. e5 Ng4 13. h3 Nh6 14. Nf1 Nf5 15. N1h2 Rad8 16. Bf4 Qc8 17. g4 Nh6 18. Qe3 Kh8 19. Bxh6 gxh6 20. Qxh6 Rg8 21. g5 Rg6 22. Qh5 Rdg8 23. h4 c4 24. Ng4 R8g7 25. Re2 Bd5 26. Ne1 Bxg2 27. Nxg2 f6 28. Nf4 Rxg5 29. hxg5 Rxg5 30. Qh3 f5 31. f3 Nc5 32. Rh2 Qg8 33. Rg2 fxg4 34. Rxg4 Ne4 35. Ne2 Rxg4+ 36. Qxg4 Qxg4+ 37. fxg4 Ng5 38. Nd4 Bc5 39. Kg2 Kg7 40. Rf1 a6 41. Rf6 Bxd4 42. cxd4 b5 43. Kf1 a5 44. Ke2 b4 45. Rf1 c3 46. bxc3 Ne4 47. cxb4 Nc3+ 48. Kd3 axb4 49. a3 Nd5 50. axb4 Nxb4+ 51. Kc4 Nd5 52. Kc5 Nc3 53. Kd6 Nb5+ 54. Kxe6 Nxd4+ 55. Kd7 Nb3 56. Ke7 Kg6 57. Rf8 h6 58. Rg8+ Kh7 59. Kf7 Nd4 60. g5 hxg5 61. Rxg5 Kh6 62. Kf6 Nb5 63. Rg1 Kh7 64. e6 Nd6 65. e7 Ne8+ 66. Kf7 1-0

[Event "BCF-chT4 0506 (4NCL)"]
[Site "West Bromwich"]
[Date "2006.05.28"]
[Round "10.3"]
[White "Peck, Windsor"]
[Black "Cork, David J"]
[Result "0-1"]
[WhiteElo "1910"]
[BlackElo "1955"]
[PlyCount "70"]
[EventDate "2005.11.05"]
[EventType "team"]
[EventRounds "11"]
[EventCountry "ENG"]
[SourceTitle "CBM 109 Extra"]
[Source "ChessBase"]
[SourceDate "2006.01.03"]
[SourceVersion "2"]
[SourceVersionDate "2006.01.03"]
[SourceQuality "1"]
[WhiteTeam "Halesowen"]
[BlackTeam "Conquistadors"]
[WhiteTeamCountry "ENG"]
[BlackTeamCountry "ENG"]

1. d4 Nf6 2. Nf3 g6 3. Nc3 Bg7 4. e4 d6 5. Be3 0-0 6. Be2 c6 7. Qd2 Re8 8. Bh6 Bh8 9. h4 Bg4 10. Ng5 Bxe2 11. Qxe2 e5 12. dxe5 Rxe5 13. f4 Rc5 14. h5 Nxh5 15. Rxh5 Rxc3 16. 0-0-0 Qb6 17. e5 Qe3+ 18. Qxe3 Rxe3 19. Rxd6 Na6 20. Rh1 Nc7 21. Rhd1 Nd5 22. c4 f6 23. exf6 Nxf6 24. Rd8+ Re8 25. Rxa8 Rxa8 26. Ne6 b5 27. cxb5 cxb5 28. Rd8+ Rxd8 29. Nxd8 Ng4 30. Bg5 h6 31. Be7 Bd4 32. Bd6 Ne3 33. Nc6 Bb6 34. g3 Nf5 35. g4 Nxd6 0-1

[Event "BCF-chT4 0506 (4NCL)"]
[Site "West Bromwich"]
[Date "2005.12.03"]
[Round "3.3"]
[White "Klein, Cornelia"]
[Black "Peck, Windsor"]
[Result "1/2-1/2"]
[WhiteElo "1905"]
[BlackElo "1910"]
[PlyCount "58"]
[EventDate "2005.11.05"]
[EventType "team"]
[EventRounds "11"]
[EventCountry "ENG"]
[SourceTitle "CBM 109 Extra"]
[Source "ChessBase"]
[SourceDate "2006.01.03"]
[SourceVersion "2"]
[SourceVersionDate "2006.01.03"]
[SourceQuality "1"]
[WhiteTeam "Addlestone"]
[BlackTeam "Halesowen"]
[WhiteTeamCountry "ENG"]
[BlackTeamCountry "ENG"]

1. e4 e6 2. d4 d5 3. Nd2 Nf6 4. Bd3 Be7 5. Ngf3 0-0 6. 0-0 Re8 7. Re1 b6 8. c3 Bb7 9. a4 c5 10. e5 Nfd7 11. b3 Nc6 12. Nf1 cxd4 13. cxd4 Rc8 14. Bd2 Nb4 15. Bb1 Qc7 16. Ne3 Nf8 17. Bxb4 Bxb4 18. Re2 Ba6 19. Bd3 Bxd3 20. Qxd3 Qc3 21. Qd1 Be7 22. Rb1 Qc7 23. Rc2 Qb7 24. Nd2 Rxc2 25. Qxc2 Rc8 26. Qd1 Qc6 27. Nf3 Qc3 28. h3 Nd7 29. Kh2 h6 1/2-1/2

[Event "BCF-chT4 0506 (4NCL)"]
[Site "West Bromwich"]
[Date "2005.11.06"]
[Round "2.3"]
[White "Peck, Windsor"]
[Black "Davies, Matthew"]
[Result "1-0"]
[WhiteElo "1910"]
[BlackElo "1855"]
[PlyCount "181"]
[EventDate "2005.11.05"]
[EventType "team"]
[EventRounds "11"]
[EventCountry "ENG"]
[SourceTitle "CBM 109 Extra"]
[Source "ChessBase"]
[SourceDate "2006.01.03"]
[SourceVersion "2"]
[SourceVersionDate "2006.01.03"]
[SourceQuality "1"]
[WhiteTeam "Halesowen"]
[BlackTeam "King takes Pawn"]
[WhiteTeamCountry "ENG"]
[BlackTeamCountry "ENG"]

1. d4 d5 2. Nf3 Nf6 3. e3 c6 4. Bd3 Bg4 5. Nbd2 Nbd7 6. 0-0 e5 7. e4 dxe4 8. Nxe4 Be7 9. Nxf6+ Bxf6 10. Be2 Bf5 11. dxe5 Nxe5 12. Nxe5 Bxe5 13. c3 0-0 14. Be3 Qc7 15. h3 Rad8 16. Qb3 b6 17. Rad1 Qe7 18. Rxd8 Rxd8 19. Rd1 Rxd1+ 20. Qxd1 Bc7 21. Qd4 h6 22. Bf3 Be5 23. Qd1 Qe6 24. a3 Qf6 25. Qa4 Bxh3 26. Qxa7 Qg6 27. Qa8+ Kh7 28. Qa4 b5 29. Qe4 Qxe4 30. Bxe4+ f5 31. Bxc6 Bg4 32. Bxb5 f4 33. Bd3+ Kg8 34. Bd2 Bd7 35. b4 g5 36. f3 Kf8 37. Kf2 Ke7 38. Bc2 Kd6 39. a4 Be6 40. a5 Kc6 41. Ba4+ Kb7 42. Bc2 Bc4 43. Bd1 Kc6 44. Be2 Kd5 45. b5 Kc5 46. b6 Bd6 47. a6 Bd5 48. c4 Bc6 49. b7 Kb6 50. Bb4 Be5 51. c5+ Ka7 52. Ba5 Bd4+ 53. Ke1 Bxc5 54. Bd2 Bd6 55. Bc3 h5 56. Bd4+ Kb8 57. Bd3 Bxb7 58. axb7 Kxb7 59. Bf6 g4 60. Bg6 gxf3 61. gxf3 Kc6 62. Bxh5 Kd5 63. Bf7+ Kc5 64. Ke2 Bc7 65. Kd3 Kd6 66. Ke4 Kd7 67. Kf5 Bd6 68. Bg5 Ba3 69. Kxf4 Bb4 70. Ke5 Bd6+ 71. Kd5 Bg3 72. Bf6 Bf4 73. Bg6 Bc1 74. Bh5 Bd2 75. Bg4+ Ke8 76. Ke6 Kf8 77. Kf5 Ke8 78. Ke6 Kf8 79. Bh5 Bc1 80. Kf5 Bd2 81. Bg5 Be1 82. Kg4 Bc3 83. f4 Bd2 84. f5 Bc3 85. Bh6+ Ke7 86. Kg5 Bd4 87. Kg6 Kd7 88. Bg7 Be3 89. f6 Ke6 90. Bg4+ Kd5 91. Bf8 1-0

[Event "BCF-chT4 0506 (4NCL)"]
[Site "West Bromwich"]
[Date "2005.11.05"]
[Round "1.3"]
[White "Gooding, Ian R"]
[Black "Peck, Windsor"]
[Result "1-0"]
[WhiteElo "2100"]
[BlackElo "1910"]
[PlyCount "41"]
[EventDate "2005.11.05"]
[EventType "team"]
[EventRounds "11"]
[EventCountry "ENG"]
[SourceTitle "CBM 109 Extra"]
[Source "ChessBase"]
[SourceDate "2006.01.03"]
[SourceVersion "2"]
[SourceVersionDate "2006.01.03"]
[SourceQuality "1"]
[WhiteTeam "Cambridge II"]
[BlackTeam "Halesowen"]
[WhiteTeamCountry "ENG"]
[BlackTeamCountry "ENG"]

1. e4 e6 2. d4 d5 3. Nc3 Nf6 4. Bg5 Be7 5. e5 Nfd7 6. Bxe7 Qxe7 7. f4 a6 8. Nf3 c5 9. Ne2 b5 10. dxc5 Qxc5 11. c3 Nc6 12. Ned4 0-0 13. Bd3 Nxd4 14. Nxd4 Re8 15. 0-0 f5 16. Kh1 Nb8 17. g4 Nc6 18. gxf5 Nxd4 19. cxd4 Qxd4 20. f6 g6 21. f7+ 1-0

[Event "BCF-chT4b 0405 (4NCL)"]
[Site "Telford"]
[Date "2005.04.17"]
[Round "8.1"]
[White "Peck, Windsor"]
[Black "Elwin, Adrian G"]
[Result "0-1"]
[WhiteElo "1925"]
[BlackElo "2077"]
[PlyCount "56"]
[EventDate "2004.11.06"]
[EventType "team"]
[EventRounds "11"]
[EventCountry "ENG"]
[SourceTitle "EXT 2006"]
[Source "ChessBase"]
[SourceDate "2005.11.24"]
[SourceVersion "1"]
[SourceVersionDate "2005.11.24"]
[SourceQuality "1"]
[WhiteTeam "Halesowen"]
[BlackTeam "FCA Solutions II"]
[WhiteTeamCountry "ENG"]
[BlackTeamCountry "ENG"]

1. d4 Nf6 2. Nf3 g6 3. Nc3 d5 4. Bf4 Bg7 5. e3 0-0 6. Be2 Bg4 7. Ne5 Bxe2 8. Qxe2 c6 9. h4 Nbd7 10. g4 Ne4 11. Nxe4 dxe4 12. Nxd7 Qxd7 13. 0-0-0 Qd5 14. g5 Qxa2 15. c3 c5 16. Qg4 b5 17. h5 b4 18. hxg6 bxc3 19. gxf7+ Qxf7 20. bxc3 cxd4 21. Qh5 Qxh5 22. Rxh5 Rac8 23. exd4 Rxf4 24. Kd2 Rxf2+ 25. Ke3 Rf3+ 26. Kxe4 Rcxc3 27. Rdh1 e6 28. Re1 Rfd3 0-1

[Event "BCF-chT4b 0405 (4NCL)"]
[Site "Telford"]
[Date "2005.02.26"]
[Round "5.4"]
[White "Peck, Windsor"]
[Black "Twitchell, Neville H"]
[Result "1-0"]
[WhiteElo "1925"]
[BlackElo "2023"]
[PlyCount "99"]
[EventDate "2004.11.06"]
[EventType "team"]
[EventRounds "11"]
[EventCountry "ENG"]
[SourceTitle "EXT 2006"]
[Source "ChessBase"]
[SourceDate "2005.11.24"]
[SourceVersion "1"]
[SourceVersionDate "2005.11.24"]
[SourceQuality "1"]
[WhiteTeam "Halesowen"]
[BlackTeam "Mindsports II"]
[WhiteTeamCountry "ENG"]
[BlackTeamCountry "ENG"]

1. d4 Nf6 2. Nf3 g6 3. Nc3 d5 4. Bf4 Bg7 5. e3 0-0 6. Be2 c6 7. h4 Nh5 8. Be5 Nf6 9. Nh2 Nbd7 10. Bf4 h5 11. g4 hxg4 12. Nxg4 Nxg4 13. Bxg4 f5 14. Bf3 e5 15. dxe5 Nxe5 16. h5 d4 17. Bxe5 Bxe5 18. exd4 Bxd4 19. Bd5+ cxd5 20. Qxd4 Re8+ 21. Ne2 Qa5+ 22. Kd1 Qb5 23. Nf4 Re4 24. Qf6 Qc6 25. Qxg6+ Qxg6 26. Nxg6 Bd7 27. f3 Rd4+ 28. Kc1 Re8 29. b3 Re2 30. Kb2 Be8 31. Rag1 Kh7 32. Nf8+ Kh6 33. Ng6 Rdd2 34. Nf4 Rxc2+ 35. Ka3 Rxa2+ 36. Kb4 a5+ 37. Kc5 Red2 38. Kd6 Rac2 39. Ke5 Rb2 40. Kf6 Rxb3 41. Rg6+ Kh7 42. Rg7+ Kh6 43. Rg8 Rb6+ 44. Ne6 Kh7 45. Rxe8 Rg2 46. Kxf5 a4 47. h6 Rg8 48. Ng5+ Kh8 49. Rxg8+ Kxg8 50. h7+ 1-0